00704 2200205 4500001002100000005001700021008004100038035002400079043001300103082001100116090002300127100002800150245018100178250001100359260003200370300003100402650002300433999002100456999002100477YOGYA-0411000000106920110413081753.0 ind  0010-041100000001069 aYOPDBPAD a646.78 a646.78bCah PlDEP aCAHYONO, Sunit Agus Tri aPenelitian diagnostik korelasi antara interaksi anggota keluarga dan keharmonisan keluarga di desa Lungge kecamatan Temanggung Kabupaten Temanggungcoleh Sunit Agus Tri Cahyono aCet. 1 aYogyakartabDepsos RIc1998 aix, 55 hlm.bilus.c21 cm. aKehidupan keluarga a1998-351 CB-D.11 a1998-352 CB-D.11